000 00451pab a2200169 454500
008 180718b2014 xxu||||| |||| 00| 0 eng d
100 _aAndreoni, Antonio and
245 _aTriggers of change: Structural trajectories and production dynamics
260 _c2014
300 _ap.1391-1408.
362 _aNov
650 _aProduction
700 _aScazzieri, Roberto
773 _aCambridge Journal of Economics
908 _aN
909 _a106818
999 _c106813
_d106813